| Tag |
First Indicator |
Second Indicator |
Subfields |
| LEADER |
00000cam a2200000 a 4500 |
| 001 |
in00000085503 |
| 005 |
20151008061519.0 |
| 008 |
820405s1981 dcua b f00000 eng |
| 010 |
|
|
|a 81083813
|
| 020 |
|
|
|a 0309031885 (pbk.)
|
| 035 |
|
|
|a (OCoLC)07908634
|
| 035 |
|
|
|9 AAJ8225AM
|
| 039 |
0 |
|
|a 2
|b 3
|c 3
|d 3
|e 3
|
| 040 |
|
|
|a DLC
|c DLC
|d WQM
|d TXA
|d UtOrBLW
|
| 049 |
|
|
|a TXAM
|c [1561267]
|
| 050 |
0 |
0 |
|a TD883.1
|b .I5
|
| 082 |
0 |
|
|a 363.7/392
|2 19
|
| 096 |
|
|
|a WA 754 I41 1981
|
| 245 |
0 |
0 |
|a Indoor pollutants /
|c Committee on Indoor Pollutants, Board on Toxicology and Environmental Health Hazards, Assembly of Life Sciences, National Research Council.
|
| 264 |
|
1 |
|a Washington, D.C. :
|b National Academy Press,
|c 1981.
|
| 300 |
|
|
|a xv, 537 pages :
|b illustrations ;
|c 28 cm.
|
| 336 |
|
|
|a text
|b txt
|2 rdacontent
|
| 337 |
|
|
|a unmediated
|b n
|2 rdamedia
|
| 338 |
|
|
|a volume
|b nc
|2 rdacarrier
|
| 504 |
|
|
|a Includes bibliographies.
|
| 650 |
|
0 |
|a Indoor air pollution.
|
| 650 |
|
2 |
|a Air Pollution.
|
| 710 |
2 |
|
|a Assembly of Life Sciences (U.S.).
|b Committee on Indoor Pollutants.
|
| 999 |
|
|
|a MARS
|
| 999 |
f |
f |
|s d8872caa-f6fa-38cb-b98d-a522fdbc4c6b
|i e541b539-3ea5-39e0-bd0d-2a3d334e290a
|t 0
|
| 952 |
f |
f |
|p ric
|a Texas A&M University
|b Rellis Campus
|c Joint Library Facility
|d Remote Storage
|t 0
|e TD883.1 .I5
|h Library of Congress classification
|i unmediated -- volume
|m A14806245613
|
| 998 |
f |
f |
|a TD883.1 .I5
|t 0
|l Remote Storage
|